[Event "First Saturday 2010 oktober FM-A"]
[Site "Budapest"]
[Date "2010.10.02"]
[Round "1"]
[White "Borda, Lajos"]
[Black "Halak, Miklos"]
[Result "1/2-1/2"]
[WhiteElo "2107"]
[BlackElo "2109"]
[PlyCount "49"]
[EventDate "2010.10.02"]

1. e4 e5 2. Bc4 Nc6 3. c3 Nf6 4. Qe2 Bc5 5. b4 Bb6 6. Bb3 O-O 7. d3 h6 8. Be3
Bxe3 9. fxe3 d5 10. exd5 Nxd5 11. a3 Be6 12. c4 Nde7 13. Nc3 f5 14. b5 Na5 15.
Ba2 Kh8 16. Rd1 c5 17. Nf3 Ng6 18. h4 Qf6 19. Ng5 e4 20. Nxe6 exd3 21. Qxd3
Qxe6 22. Nd5 Rad8 23. Qc3 b6 24. h5 Ne7 25. Nf4 1/2-1/2

[Event "First Saturday 2010 oktober FM-A"]
[Site "Budapest"]
[Date "2010.10.02"]
[Round "1"]
[White "Mayer, Istvan"]
[Black "Kantor, Reka"]
[Result "1-0"]
[WhiteElo "2079"]
[BlackElo "2003"]
[PlyCount "59"]
[EventDate "2010.10.02"]

1. e4 e5 2. Bc4 Nf6 3. Qe2 Bc5 4. d3 Nc6 5. c3 h6 6. b4 Bb6 7. a4 a6 8. Ba2 d6
9. Na3 O-O 10. Nf3 Be6 11. Nc4 Ba7 12. O-O Qd7 13. Be3 Ne7 14. Bxa7 Rxa7 15.
Ne3 Ng6 16. Qc2 d5 17. exd5 Bxd5 18. Nxd5 Nxd5 19. d4 exd4 20. Nxd4 Nge7 21.
Rad1 Qg4 22. Rfe1 Nf4 23. f3 Qg5 24. Kh1 Neg6 25. g3 Nh5 26. Nf5 Nf6 27. Ne7+
Nxe7 28. Rxe7 Nd5 29. Rxf7 Kxf7 30. Rxd5 1-0

[Event "First Saturday 2010 oktober FM-A"]
[Site "Budapest"]
[Date "2010.10.02"]
[Round "1"]
[White "Farkas, Richard"]
[Black "Grimm, Daniel"]
[Result "1/2-1/2"]
[WhiteElo "1960"]
[BlackElo "1879"]
[PlyCount "63"]
[EventDate "2010.10.02"]

1. e4 c5 2. Nc3 Nc6 3. g3 g6 4. Bg2 Bg7 5. d3 d6 6. Be3 e6 7. Qd2 Rb8 8. h4 h5
9. Nf3 Nd4 10. Bg5 Qa5 11. O-O b5 12. Nxd4 cxd4 13. Ne2 Qxd2 14. Bxd2 Ne7 15.
f4 Bb7 16. c3 dxc3 17. Bxc3 Bxc3 18. bxc3 d5 19. Nd4 a6 20. e5 Kd7 21. Nb3 Rhc8
22. Rfc1 Rc7 23. d4 Nc6 24. Nc5+ Ke7 25. Rcb1 Bc8 26. Kf2 b4 27. Ke3 bxc3 28.
Rxb8 Nxb8 29. Rc1 Bd7 30. Bf1 Bb5 31. Bxb5 axb5 32. Rxc3 1/2-1/2

[Event "First Saturday 2010 oktober FM-A"]
[Site "Budapest"]
[Date "2010.10.02"]
[Round "1"]
[White "Uche, Agu"]
[Black "Zala, Gyula"]
[Result "0-1"]
[WhiteElo "2025"]
[BlackElo "2023"]
[PlyCount "76"]
[EventDate "2010.10.02"]

1. e4 g6 2. d4 c5 3. c3 Bg7 4. Nf3 Na6 5. Bc4 b5 6. Bxb5 Qa5 7. Qa4 Qb6 8. d5
Nc7 9. Bd3 Kf8 10. Nbd2 g5 11. Nc4 Qg6 12. Qa5 Ne8 13. Qxc5 g4 14. Nh4 Qh5 15.
Nf5 d6 16. Qc6 Bxf5 17. Qxa8 Bg6 18. Bf4 f5 19. e5 Bh6 20. Bxh6+ Qxh6 21. exd6
exd6 22. O-O f4 23. Bxg6 hxg6 24. f3 Qxh2+ 25. Kf2 Qg3+ 26. Ke2 Qxg2+ 27. Kd3
Rh2 28. Rad1 Ngf6 29. Nxd6 Qc2+ 30. Kc4 Qa4+ 31. b4 Qa6+ 32. Nb5 Qxa2+ 33. Kc5
Nd7+ 34. Kc6 Qa6+ 35. Kxd7 Rh7+ 36. Kd8 Qb6+ 37. Kc8 Rc7+ 38. Kd8 Qf6# 0-1

[Event "First Saturday 2010 oktober FM-A"]
[Site "Budapest"]
[Date "2010.10.03"]
[Round "2"]
[White "Halak, Miklos"]
[Black "Tran, Minh Thang"]
[Result "1/2-1/2"]
[WhiteElo "2109"]
[BlackElo "2018"]
[PlyCount "72"]
[EventDate "2010.10.02"]

1. e4 c5 2. Nf3 g6 3. b3 Bg7 4. c3 Nc6 5. Bc4 e6 6. O-O d5 7. exd5 exd5 8. Bb5
Nge7 9. d4 cxd4 10. Nxd4 O-O 11. Be3 Qc7 12. Na3 Nf5 13. Nxf5 Bxf5 14. Bxc6
bxc6 15. Bd4 Qd6 16. Nc2 Bxc2 17. Qxc2 c5 18. Bxg7 Kxg7 19. Rad1 Rfe8 20. b4
cxb4 21. cxb4 Qxb4 22. Rxd5 Re1 23. Rd1 Rae8 24. g3 R1e2 25. Qc6 Qe4 26. Qc3+
Qe5 27. Qa3 a5 28. Rc1 Qb2 29. Qxa5 Rxf2 30. Rxf2 Qxc1+ 31. Rf1 Qe3+ 32. Rf2
Qc1+ 33. Rf1 Qe3+ 34. Rf2 Re5 35. Qd2 Qe4 36. Qf4 Qd5 1/2-1/2

[Event "First Saturday 2010 oktober FM-A"]
[Site "Budapest"]
[Date "2010.10.03"]
[Round "2"]
[White "Zala, Gyula"]
[Black "Czibulka, Zoltan dr"]
[Result "0-1"]
[WhiteElo "2023"]
[BlackElo "2080"]
[PlyCount "109"]
[EventDate "2010.10.02"]

1. e4 e6 2. a3 d5 3. e5 c5 4. b4 cxb4 5. axb4 Bxb4 6. c3 Bf8 7. d4 Bd7 8. Bd3
Nc6 9. Ne2 a6 10. O-O g6 11. Ra2 Rc8 12. f4 Na7 13. Qe1 Nb5 14. g4 Ne7 15. Be3
Bg7 16. Bf2 O-O 17. Bh4 f6 18. Ng3 Qb6 19. Raf2 Rce8 20. Ne2 Qa5 21. Nc1 Qc7
22. Rf3 Qb6 23. Kh1 Nc6 24. Bf2 Na5 25. Rh3 Qc7 26. Be3 f5 27. Qh4 Kf7 28. gxf5
exf5 29. Rg1 Rh8 30. Qe1 Bf8 31. Qg3 Qb6 32. Bc2 Be7 33. Nd3 Qe6 34. Ne1 Rc8
35. Bc1 Nc4 36. Rh5 Rcg8 37. Rh3 a5 38. Nf3 Nc7 39. Ng5+ Bxg5 40. Qxg5 b5 41.
Nd2 Nxd2 42. Bxd2 Qe7 43. Qg2 Be6 44. Be1 Ne8 45. Bh4 Qd7 46. Re3 Ng7 47. Bf6
Rb8 48. Qh3 Qe8 49. Qh6 Qf8 50. Qg5 Rg8 51. Rh3 Rh8 52. Rh6 Rb7 53. Rg3 Ke8 54.
Rgh3 Qg8 55. Bd1 {after 15 move} 0-1

[Event "First Saturday 2010 oktober FM-A"]
[Site "Budapest"]
[Date "2010.10.03"]
[Round "2"]
[White "Kantor, Reka"]
[Black "Farkas, Richard"]
[Result "1/2-1/2"]
[WhiteElo "2003"]
[BlackElo "1960"]
[PlyCount "45"]
[EventDate "2010.10.02"]

1. e4 e6 2. d4 d5 3. e5 c5 4. c3 Qb6 5. Nf3 Bd7 6. a3 Bb5 7. Bd3 a5 8. O-O Bxd3
9. Qxd3 c4 10. Qe2 Nd7 11. Re1 O-O-O 12. Ng5 Nh6 13. f4 Be7 14. Nf3 Nf5 15.
Nbd2 h6 16. Rb1 a4 17. g4 Nh4 18. Nxh4 Bxh4 19. Rf1 Rdg8 20. Nf3 Be7 21. Qc2
Qa5 22. Be3 h5 23. g5 1/2-1/2

[Event "First Saturday 2010 oktober FM-A"]
[Site "Budapest"]
[Date "2010.10.03"]
[Round "2"]
[White "Borda, Lajos"]
[Black "Mayer, Istvan"]
[Result "1/2-1/2"]
[WhiteElo "2107"]
[BlackElo "2079"]
[PlyCount "44"]
[EventDate "2010.10.02"]

1. e4 e6 2. Nf3 d5 3. exd5 exd5 4. d4 Nf6 5. Bd3 Be7 6. O-O O-O 7. Re1 c5 8. c3
Nc6 9. h3 h6 10. Nbd2 cxd4 11. cxd4 Be6 12. Nf1 Bb4 13. Bd2 Qa5 14. Bxb4 Qxb4
15. b3 Rfe8 16. a3 Qb6 17. b4 Rac8 18. Rc1 Bd7 19. Rxe8+ Rxe8 20. Ng3 Kf8 21.
Bf5 Bxf5 22. Nxf5 Ne4 1/2-1/2

[Event "First Saturday 2010 oktober FM-A"]
[Site "Budapest"]
[Date "2010.10.04"]
[Round "3"]
[White "Mayer, Istvan"]
[Black "Halak, Miklos"]
[Result "0-1"]
[WhiteElo "2079"]
[BlackElo "2109"]
[PlyCount "136"]
[EventDate "2010.10.02"]

1. e4 e5 2. Nf3 Nc6 3. Bb5 a6 4. Ba4 d6 5. c3 Bd7 6. Bb3 g6 7. d4 Bg7 8. dxe5
dxe5 9. Be3 Qe7 10. Nbd2 Nf6 11. h3 h6 12. Qe2 b5 13. a4 O-O 14. O-O Rab8 15.
axb5 axb5 16. Ra6 Rfc8 17. Rd1 Nd8 18. Qd3 Nb7 19. Ba7 Nc5 20. Bxc5 Qxc5 21.
Rxf6 Bxf6 22. Qxd7 Qf8 23. Nf1 b4 24. cxb4 Rd8 25. Qxc7 Rxd1 26. Bxd1 Rxb4 27.
Qc2 Qb8 28. b3 Qb7 29. N1d2 Qb5 30. Nc4 Qb8 31. Ne3 Rb7 32. Nd5 Bg7 33. Nd2 Ra7
34. Be2 Bf8 35. Qc3 Ra2 36. Bc4 Ra3 37. Nf6+ Kg7 38. Nd7 Bb4 39. Qb2 Qd6 40.
Nf3 Qxd7 41. Qxe5+ f6 42. Qf4 Ra1+ 43. Kh2 Bd6 44. e5 fxe5 45. Qe4 Qf5 46. Qb7+
Kf8 47. Qd5 Ke7 48. g4 Qf4+ 49. Kg2 e4 50. Qb7+ Bc7 51. Qb4+ Kd8 52. Qd2+ Qxd2
53. Nxd2 e3 54. Nf1 exf2 55. Kxf2 g5 56. Kf3 Bf4 57. Ke4 Ra5 58. h4 Ke7 59.
hxg5 hxg5 60. Kf3 Kd6 61. Ne3 Bxe3 62. Kxe3 Ke5 63. Kf3 Kd4 64. Ke2 Ra2+ 65.
Kf3 Rc2 66. Bg8 Ke5 67. Bc4 Rc3+ 68. Ke2 Rg3 0-1

[Event "First Saturday 2010 oktober FM-A"]
[Site "Budapest"]
[Date "2010.10.04"]
[Round "3"]
[White "Farkas, Richard"]
[Black "Borda, Lajos"]
[Result "1/2-1/2"]
[WhiteElo "1960"]
[BlackElo "2107"]
[PlyCount "87"]
[EventDate "2010.10.02"]

1. e4 c5 2. Nc3 a6 3. g3 b5 4. Bg2 Bb7 5. d3 e6 6. f4 Nf6 7. Nf3 d5 8. exd5
Nxd5 9. Nxd5 Bxd5 10. O-O Nd7 11. Be3 Be7 12. d4 O-O 13. dxc5 Bxc5 14. Bxc5
Nxc5 15. Ne5 Qb6 16. Qd4 Bxg2 17. Kxg2 Rfd8 18. Qf2 Rd6 19. Rad1 Rad8 20. Qf3
f6 21. Rxd6 Qxd6 22. Nc6 Rd7 23. c3 g6 24. Re1 Rc7 25. Nd4 e5 26. fxe5 fxe5 27.
Qa8+ Kg7 28. Nf3 Rf7 29. b4 e4 30. bxc5 exf3+ 31. Qxf3 Qxc5 32. Qe3 Qd5+ 33.
Qe4 Qxa2+ 34. Re2 Qc4 35. Qxc4 bxc4 36. Ra2 Rd7 37. Ra4 Rd2+ 38. Kh3 h5 39.
Rxc4 g5 40. g4 Rd3+ 41. Kg2 h4 42. Rc6 Rd2+ 43. Kh3 Rd3+ 44. Kg2 1/2-1/2

[Event "First Saturday 2010 oktober FM-A"]
[Site "Budapest"]
[Date "2010.10.04"]
[Round "3"]
[White "Uche, Agu"]
[Black "Kantor, Reka"]
[Result "1/2-1/2"]
[WhiteElo "2025"]
[BlackElo "2003"]
[PlyCount "78"]
[EventDate "2010.10.02"]

1. e4 e5 2. Nf3 Nc6 3. Bb5 a6 4. Ba4 Nf6 5. O-O Nxe4 6. Re1 Nc5 7. Bxc6 dxc6 8.
Nxe5 Be6 9. d4 Nd7 10. Nf3 Be7 11. Bf4 O-O 12. Nbd2 Re8 13. c4 Nb6 14. Rc1 Qd7
15. a3 Rad8 16. Qc2 f6 17. b4 Bd6 18. Be3 Bf8 19. Qb3 Qf7 20. a4 Nc8 21. b5
axb5 22. axb5 cxb5 23. Qxb5 Nd6 24. Qb3 c6 25. Bf4 Nf5 26. Qc3 g5 27. Bg3 g4
28. Nh4 Nxd4 29. Ne4 c5 30. Bf4 Qg7 31. Qg3 Bxc4 32. Nc3 b5 33. h3 b4 34. Ne4
Ne2+ 35. Rxe2 Bxe2 36. Nxc5 Bxc5 37. Rxc5 gxh3 38. Qb3+ Qf7 39. Qxb4 Rd1+
1/2-1/2

[Event "First Saturday 2010 oktober FM-A"]
[Site "Budapest"]
[Date "2010.10.04"]
[Round "3"]
[White "Czibulka, Zoltan dr"]
[Black "Grimm, Daniel"]
[Result "1-0"]
[WhiteElo "2080"]
[BlackElo "1879"]
[PlyCount "133"]
[EventDate "2010.10.02"]

1. Nf3 Nf6 2. c4 g6 3. b3 Bg7 4. Bb2 c5 5. g3 O-O 6. Bg2 Nc6 7. O-O d6 8. d4
cxd4 9. Nxd4 Bd7 10. Nd2 Nxd4 11. Bxd4 Bc6 12. e4 Nd7 13. Bxg7 Kxg7 14. Nb1 a5
15. Nc3 Nc5 16. Nd5 Bxd5 17. exd5 Qc7 18. Qd4+ Kg8 19. h4 h5 20. Rae1 Qd7 21.
Kh2 Rae8 22. Re3 f5 23. Qf4 Kh7 24. Rfe1 Rf6 25. Qd4 Rff8 26. f3 Qd8 27. f4 Rf7
28. a3 a4 29. b4 Nb3 30. Qa7 Qd7 31. c5 dxc5 32. bxc5 Rd8 33. c6 bxc6 34. Qxa4
Nc5 35. Qc4 Qd6 36. dxc6 Rg7 37. Rc1 Ne4 38. c7 Rc8 39. Rd3 Rxc7 40. Rxd6 Rxc4
41. Rxc4 Nxd6 42. Rc5 Ne8 43. a4 Nf6 44. Rc7 Ng4+ 45. Kg1 Rg8 46. Rxe7+ Kh6 47.
a5 Rb8 48. Re1 Rb3 49. Ra1 Rxg3 50. a6 Ne3 51. a7 Rxg2+ 52. Kh1 Rg4 53. Ra2
Rxh4+ 54. Kg1 Rxf4 55. a8=Q Kg5 56. Qd8+ Kg4 57. Rf2 Rxf2 58. Kxf2 f4 59. Qd7+
Nf5 60. Qd1+ Kg5 61. Qg1+ Kf6 62. Kf3 g5 63. Qb6+ Kf7 64. Ke4 Ng3+ 65. Ke5 Kg7
66. Qf6+ Kh7 67. Qxg5 1-0

[Event "First Saturday 2010 oktober FM-A"]
[Site "Budapest"]
[Date "2010.10.04"]
[Round "3"]
[White "Tran, Minh Thang"]
[Black "Zala, Gyula"]
[Result "1-0"]
[WhiteElo "2018"]
[BlackElo "2023"]
[PlyCount "119"]
[EventDate "2010.10.02"]

1. d4 b5 2. Bf4 Bb7 3. e3 Nf6 4. Nf3 Nh5 5. Bxb5 Nxf4 6. exf4 g6 7. O-O Bg7 8.
c3 O-O 9. Nbd2 d6 10. Qc2 Nd7 11. Rfe1 Rb8 12. Bc4 e6 13. Rad1 Nb6 14. Bb3 Nd5
15. g3 Nf6 16. Qd3 Qc8 17. Ng5 d5 18. Qb1 c5 19. Ngf3 Qc7 20. Bc2 Bc8 21. Nb3
Ne4 22. Qc1 c4 23. Nbd2 f5 24. Ne5 Qb6 25. Nxe4 fxe4 26. Qe3 Bxe5 27. fxe5 Rf3
28. Qd2 Bd7 29. Rb1 Rbf8 30. Rf1 Qa5 31. Bd1 e3 32. Qc1 Rxf2 33. Rxf2 exf2+ 34.
Kf1 Qd8 35. Qe3 Qe7 36. Bf3 Qf7 37. Kxf2 Qf5 38. Rf1 Ba4 39. Kg2 Bc2 40. Be2
Qe4+ 41. Qxe4 Bxe4+ 42. Bf3 Bd3 43. Rf2 Rb8 44. Kh3 Bb1 45. a3 Rf8 46. Kg2 Kg7
47. Bd1 Be4+ 48. Kf1 Rb8 49. Ke1 Rf8 50. Rxf8 Kxf8 51. b4 Ke7 52. b5 Kd7 53. a4
h6 54. Kd2 g5 55. Kc1 Bg6 56. Kb2 Kc7 57. Ka3 a5 58. bxa6 Kb6 59. Kb4 Be8 60.
a5+ 1-0

[Event "First Saturday 2010 oktober FM-A"]
[Site "Budapest"]
[Date "2010.10.05"]
[Round "4"]
[White "Halak, Miklos"]
[Black "Zala, Gyula"]
[Result "1-0"]
[WhiteElo "2109"]
[BlackElo "2023"]
[PlyCount "97"]
[EventDate "2010.10.02"]

1. e4 g6 2. d4 Bg7 3. f4 d5 4. e5 c5 5. Nf3 cxd4 6. Nxd4 Nc6 7. Bb5 Bd7 8. O-O
a6 9. Be2 Nh6 10. Nxc6 bxc6 11. Be3 O-O 12. Nd2 f6 13. exf6 Bxf6 14. c3 Nf5 15.
Bf2 Qb8 16. g4 Nd6 17. Qc2 Bg7 18. Bg3 Qc8 19. h3 Rb8 20. Rab1 Qb7 21. Bf3 Be6
22. Nb3 Bf7 23. Nc5 Qc8 24. Qe2 Re8 25. Nxa6 Ra8 26. Nb4 Ne4 27. Bxe4 dxe4 28.
Qxe4 c5 29. Nd5 Ra7 30. Ne3 Rxa2 31. f5 Ra6 32. Be5 e6 33. f6 Bf8 34. Nc4 Rd8
35. h4 Ra4 36. b3 Ra2 37. Rf2 Qa6 38. Qf4 Ra1 39. Qc1 Rxb1 40. Qxb1 Rd5 41. h5
Rxe5 42. Nxe5 Qd6 43. Qe4 Qd1+ 44. Kg2 Qxb3 45. hxg6 hxg6 46. Nxg6 e5 47. Ne7+
Kh8 48. Qxe5 Qc4 49. Qh2+ 1-0

[Event "First Saturday 2010 oktober FM-A"]
[Site "Budapest"]
[Date "2010.10.05"]
[Round "4"]
[White "Grimm, Daniel"]
[Black "Tran, Minh Thang"]
[Result "1/2-1/2"]
[WhiteElo "1879"]
[BlackElo "2018"]
[PlyCount "116"]
[EventDate "2010.10.02"]

1. e4 c5 2. Nf3 g6 3. d4 cxd4 4. Nxd4 Nc6 5. c4 Bg7 6. Be3 Nf6 7. Nc3 Ng4 8.
Qxg4 Nxd4 9. Qd1 Nc6 10. Qd2 Qa5 11. Rc1 d6 12. Be2 Bd7 13. O-O O-O 14. Bh6 Kh8
15. Rfd1 Ne5 16. Bxg7+ Kxg7 17. b3 Bc6 18. f3 Rac8 19. Qd4 Qc5 20. b4 Qxd4+ 21.
Rxd4 Bd7 22. a3 Be6 23. Nd1 b5 24. f4 Nxc4 25. Bxc4 Rxc4 26. Rdxc4 Bxc4 27. Kf2
f5 28. exf5 Rxf5 29. Ke3 Rd5 30. Nb2 Kf6 31. Nxc4 bxc4 32. Rxc4 a5 33. bxa5
Rxa5 34. a4 h6 35. g4 e6 36. h4 h5 37. g5+ Kf5 38. Kf3 Rd5 39. Rc8 Rd3+ 40. Ke2
Ra3 41. Rf8+ Ke4 42. Rf6 Ra2+ 43. Ke1 e5 44. fxe5 dxe5 45. Rxg6 Ke3 46. Kf1
Rxa4 47. Re6 Rf4+ 48. Kg2 e4 49. Kg3 Rg4+ 50. Kh3 Ke2 51. Rh6 Kf2 52. Rf6+ Ke2
53. Rh6 Kf2 54. Rf6+ Ke1 55. Rh6 e3 56. Rxh5 e2 57. Kxg4 Kf2 58. g6 e1=Q
1/2-1/2

[Event "First Saturday 2010 oktober FM-A"]
[Site "Budapest"]
[Date "2010.10.05"]
[Round "4"]
[White "Kantor, Reka"]
[Black "Czibulka, Zoltan dr"]
[Result "1-0"]
[WhiteElo "2003"]
[BlackElo "2080"]
[PlyCount "81"]
[EventDate "2010.10.02"]

1. e4 e6 2. d4 d5 3. e5 c5 4. c3 Nc6 5. Nf3 Qb6 6. a3 a5 7. Bd3 h6 8. O-O Bd7
9. Bc2 Rc8 10. Re1 g6 11. Qd3 cxd4 12. cxd4 Na7 13. Nc3 Ne7 14. h3 Nb5 15. Ba4
Nxc3 16. Bxd7+ Kxd7 17. bxc3 Qc6 18. Bd2 Qc4 19. Qb1 Rc7 20. Qb6 Nc6 21. a4 Be7
22. Reb1 Qd3 23. Qb5 Qf5 24. c4 Ra8 25. cxd5 exd5 26. Qxd5+ Kc8 27. Rb5 Nb4 28.
Qb3 g5 29. g4 Qg6 30. d5 Bc5 31. d6 Rc6 32. Bxb4 Bxb4 33. Nd4 Raa6 34. Nxc6
bxc6 35. Rc1 Qe6 36. Qd3 Ra8 37. Rxc6+ Kd8 38. Rb7 Qxe5 39. Rcc7 Qa1+ 40. Kg2
Qxa4 41. Qe4 1-0

[Event "First Saturday 2010 oktober FM-A"]
[Site "Budapest"]
[Date "2010.10.05"]
[Round "4"]
[White "Borda, Lajos"]
[Black "Uche, Agu"]
[Result "1-0"]
[WhiteElo "2107"]
[BlackElo "2025"]
[PlyCount "67"]
[EventDate "2010.10.02"]

1. d4 d6 2. e4 Nf6 3. f3 c6 4. a4 Nbd7 5. Nh3 e5 6. dxe5 dxe5 7. Bc4 Bc5 8. Nf2
O-O 9. O-O Qc7 10. Qe2 a5 11. Kh1 Be7 12. Nd3 Nc5 13. Nxc5 Bxc5 14. g4 Ne8 15.
Nc3 Qe7 16. Nd1 Qh4 17. Be3 Bxe3 18. Nxe3 g6 19. Rg1 Ng7 20. Rg3 Be6 21. Bd3
Qg5 22. Rag1 Rad8 23. Qf2 Rd4 24. Nf5 Rxa4 25. Qc5 Re8 26. Qxe5 Bxf5 27. gxf5
Qe3 28. Qc7 Nh5 29. Rh3 Nf4 30. fxg6 hxg6 31. Qd7 Rf8 32. Rhg3 Rb4 33. b3 Nxd3
34. Rxg6+ 1-0

[Event "First Saturday 2010 oktober FM-A"]
[Site "Budapest"]
[Date "2010.10.05"]
[Round "4"]
[White "Mayer, Istvan"]
[Black "Farkas, Richard"]
[Result "0-1"]
[WhiteElo "2079"]
[BlackElo "1960"]
[PlyCount "74"]
[EventDate "2010.10.02"]

1. e4 e6 2. d4 d5 3. e5 c5 4. c3 Qb6 5. Nf3 Bd7 6. Bd3 Bb5 7. O-O Nc6 8. dxc5
Bxc5 9. b4 Bxd3 10. Qxd3 Bf8 11. a4 Qc7 12. Re1 Nge7 13. Na3 Ng6 14. Nb5 Qd7
15. h4 a6 16. Nbd4 Nxd4 17. Qxd4 Rc8 18. h5 Rc4 19. Qa7 Ne7 20. Bg5 h6 21. Bd2
Nf5 22. Rec1 Be7 23. Nd4 Nxd4 24. cxd4 O-O 25. Rcb1 Rfc8 26. b5 axb5 27. Rxb5
R8c7 28. Kh2 Kh7 29. Ba5 b6 30. Qxb6 Ra7 31. Rb3 Bh4 32. g3 Bg5 33. Ra2 f5 34.
Kg2 Qf7 35. Rc3 Rb7 36. Qa6 Rb1 37. g4 fxg4 0-1

[Event "First Saturday 2010 oktober FM-A"]
[Site "Budapest"]
[Date "2010.10.06"]
[Round "5"]
[White "Farkas, Richard"]
[Black "Halak, Miklos"]
[Result "1/2-1/2"]
[WhiteElo "1960"]
[BlackElo "2109"]
[PlyCount "72"]
[EventDate "2010.10.02"]

1. e4 e5 2. Nf3 Nc6 3. Bb5 a6 4. Bxc6 dxc6 5. O-O f6 6. d4 exd4 7. Nxd4 c5 8.
Nb3 Be6 9. Nc3 c4 10. Nd4 Qd7 11. Nxe6 Qxe6 12. Qd5 Qxd5 13. Nxd5 O-O-O 14. Bf4
Bd6 15. Rad1 Ne7 16. Nb6+ cxb6 17. Bxd6 Nc6 18. Rd5 Rhe8 19. f3 Re6 20. Rfd1
Na7 21. Kf2 Nc6 22. a3 b5 23. Bc5 Ree8 24. Rxd8+ Rxd8 25. Rxd8+ Kxd8 26. Ke3
Kd7 27. f4 Ke6 28. g4 g6 29. h4 f5 30. exf5+ gxf5 31. g5 Kf7 32. h5 Nd8 33. Bd6
Nc6 34. c3 Ke6 35. Bc5 Kf7 36. Bd6 Ne7 1/2-1/2

[Event "First Saturday 2010 oktober FM-A"]
[Site "Budapest"]
[Date "2010.10.06"]
[Round "5"]
[White "Uche, Agu"]
[Black "Mayer, Istvan"]
[Result "1/2-1/2"]
[WhiteElo "2025"]
[BlackElo "2079"]
[PlyCount "73"]
[EventDate "2010.10.02"]

1. e4 e6 2. d3 d5 3. Nd2 Nf6 4. g3 dxe4 5. dxe4 Bc5 6. Bg2 Nc6 7. Ngf3 Ng4 8.
O-O h5 9. c3 h4 10. gxh4 Nce5 11. Nxe5 Nxe5 12. Nf3 Nxf3+ 13. Qxf3 Qxh4 14. Bf4
Bb6 15. a4 a5 16. b4 axb4 17. cxb4 Bd4 18. Rac1 e5 19. Bg3 Qe7 20. a5 c5 21.
bxc5 Rxa5 22. c6 bxc6 23. Rxc6 Qd7 24. Rfc1 Qxc6 25. Rxc6 Ra1+ 26. Bf1 Bh3 27.
Qd3 Bxf1 28. Qxf1 Rxf1+ 29. Kxf1 Kd7 30. Ra6 Rc8 31. Ra5 Ke6 32. Ra6+ Ke7 33.
Ra5 f6 34. Ra6 Rc3 35. Ra7+ Kf8 36. Ke2 Rb3 37. Rd7 {after 12 move} 1/2-1/2

[Event "First Saturday 2010 oktober FM-A"]
[Site "Budapest"]
[Date "2010.10.06"]
[Round "5"]
[White "Czibulka, Zoltan dr"]
[Black "Borda, Lajos"]
[Result "1/2-1/2"]
[WhiteElo "2080"]
[BlackElo "2107"]
[PlyCount "60"]
[EventDate "2010.10.02"]

1. Nf3 d5 2. c4 e6 3. b3 Nf6 4. Bb2 Be7 5. g3 O-O 6. Bg2 c5 7. O-O Nc6 8. d3 d4
9. Nbd2 e5 10. h3 h6 11. a3 Re8 12. Qc2 Bf5 13. Ne1 Rc8 14. e4 dxe3 15. fxe3
Qd7 16. Kh2 Rcd8 17. e4 Be6 18. Nb1 Nh7 19. Nc3 Nd4 20. Qd1 Ng5 21. g4 h5 22.
gxh5 Bxh3 23. Nd5 Bxg2 24. Kxg2 Qh3+ 25. Kg1 Qg3+ 26. Kh1 Qh4+ 27. Kg2 Qh3+ 28.
Kg1 Rxd5 29. exd5 Qg3+ 30. Kh1 Qh3+ 1/2-1/2

 Qd1 Ba4 33. Qg1 {after 24 move}
1/2-1/2

[Event "First Saturday 2010 oktober FM-A"]
[Site "Budapest"]
[Date "2010.10.06"]
[Round "5"]
[White "Tran, Minh Thang"]
[Black "Kantor, Reka"]
[Result "1-0"]
[WhiteElo "2018"]
[BlackElo "2003"]
[PlyCount "61"]
[EventDate "2010.10.02"]

1. d4 Nf6 2. Bf4 g6 3. Nf3 Bg7 4. e3 d6 5. Be2 O-O 6. h3 c5 7. c3 Qb6 8. Qb3
Nc6 9. O-O Be6 10. Qxb6 axb6 11. a3 c4 12. Nbd2 b5 13. e4 d5 14. exd5 Nxd5 15.
Bh2 Nb6 16. Ng5 Bd5 17. Rfe1 e5 18. dxe5 Bxe5 19. Nge4 Bxh2+ 20. Kxh2 Bxe4 21.
Nxe4 Na4 22. Rab1 Rfd8 23. b3 Nb6 24. bxc4 Nxc4 25. Rxb5 Nxa3 26. Rxb7 Ne5 27.
f4 Nd3 28. Bxd3 Rxd3 29. Ng5 Rf8 30. Ree7 Rxc3 31. Nxf7 1-0

[Event "First Saturday 2010 oktober FM-A"]
[Site "Budapest"]
[Date "2010.10.06"]
[Round "5"]
[White "Zala, Gyula"]
[Black "Grimm, Daniel"]
[Result "1/2-1/2"]
[WhiteElo "2023"]
[BlackElo "1879"]
[PlyCount "108"]
[EventDate "2010.10.02"]

1. e4 c5 2. b4 b6 3. a3 e6 4. f4 d5 5. e5 cxb4 6. axb4 Bxb4 7. c3 Be7 8. d4 f5
9. Bd3 Nh6 10. Nf3 Nf7 11. O-O O-O 12. Ra2 Bd7 13. h3 Nc6 14. g4 g6 15. Rg2 Kh8
16. Kh1 Qc7 17. Rfg1 Rg8 18. Qe1 Rae8 19. Qg3 Qd8 20. Rh2 Na5 21. h4 Nh6 22.
Ng5 Bxg5 23. hxg5 Nxg4 24. Rh4 Nc4 25. Be2 a5 26. Bxg4 fxg4 27. Qxg4 b5 28. Rg2
Re7 29. Rgh2 b4 30. cxb4 axb4 31. R2h3 Qb6 32. Qg1 Ba4 33. Qh2 Rgg7 34. f5 exf5
35. Nd2 Nxd2 36. Qxd2 Rc7 37. e6 Qxe6 38. Re3 Qc6 39. Re1 Qc3 40. Qf2 Rge7 41.
Bd2 Rxe1+ 42. Qxe1 Qf3+ 43. Kg1 Re7 44. Qxe7 Qg3+ 45. Kh1 Qxh4+ 46. Kg1 Qg3+
47. Kh1 Qf3+ 48. Kg1 Qd1+ 49. Be1 Qxd4+ 50. Bf2 Qg4+ 51. Kh2 Qh5+ 52. Kg2 Qg4+
53. Kh2 Qh5+ 54. Kg1 Qg4+ 1/2-1/2

[Event "First Saturday 2010 oktober FM-A"]
[Site "Budapest"]
[Date "2010.10.07"]
[Round "6"]
[White "Halak, Miklos"]
[Black "Grimm, Daniel"]
[Result "1/2-1/2"]
[WhiteElo "2109"]
[BlackElo "1879"]
[PlyCount "54"]
[EventDate "2010.10.02"]

1. e4 c5 2. b3 b6 3. Bb2 Bb7 4. d3 e6 5. Qe2 d5 6. exd5 Qxd5 7. Nc3 Qd8 8. Ne4
Nd7 9. Nd6+ Bxd6 10. Bxg7 Qc7 11. Bxh8 O-O-O 12. Bb2 Ngf6 13. O-O-O Rg8 14. Nf3
Nd5 15. g3 Kb8 16. Rg1 a6 17. Kb1 b5 18. d4 Rc8 19. dxc5 Nxc5 20. c4 bxc4 21.
bxc4 Nb4 22. a3 Be4+ 23. Qxe4 Nxe4 24. axb4 Bxb4 25. Kc2 Bd6 26. Be2 Qb7 27.
Bd4 Qc6 1/2-1/2

[Event "First Saturday 2010 oktober FM-A"]
[Site "Budapest"]
[Date "2010.10.07"]
[Round "6"]
[White "Kantor, Reka"]
[Black "Zala, Gyula"]
[Result "0-1"]
[WhiteElo "2003"]
[BlackElo "2023"]
[PlyCount "79"]
[EventDate "2010.10.02"]

1. e4 g6 2. d4 c5 3. Nf3 Bg7 4. c4 d6 5. d5 Nf6 6. Nc3 b5 7. cxb5 a6 8. Bd3
axb5 9. Bxb5+ Nbd7 10. O-O O-O 11. Qc2 Ng4 12. a3 Rb8 13. Be2 Nde5 14. Nxe5
Nxe5 15. f4 Ng4 16. Bxg4 Bxg4 17. Be3 Bd7 18. Rae1 Qc8 19. Kh1 Qb7 20. Bc1 f5
21. e5 Qc7 22. e6 Bc8 23. Rd1 Ba6 24. Rf3 Qb6 25. Qf2 Qb3 26. Rd2 Qc4 27. Qe2
Qxc3 28. bxc3 Bxe2 29. Rxe2 Rb1 30. Rc2 Ra8 31. h3 Rxa3 32. Kh2 Raa1 33. Be3 h5
34. g3 Rd1 35. c4 Ra3 36. Kg2 Rdd3 37. Kf2 Bd4 38. Re2 Kf8 39. Re1 Rdb3 40. Re2
0-1

[Event "First Saturday 2010 oktober FM-A"]
[Site "Budapest"]
[Date "2010.10.07"]
[Round "6"]
[White "Borda, Lajos"]
[Black "Tran, Minh Thang"]
[Result "1/2-1/2"]
[WhiteElo "2107"]
[BlackElo "2018"]
[PlyCount "53"]
[EventDate "2010.10.02"]

1. e4 c5 2. Nf3 g6 3. c3 Bg7 4. d4 cxd4 5. cxd4 d5 6. Bb5+ Bd7 7. Bxd7+ Qxd7 8.
e5 Nc6 9. O-O f6 10. Bf4 fxe5 11. Nxe5 Nxe5 12. Bxe5 Bxe5 13. dxe5 e6 14. Nc3
Ne7 15. Qe2 a6 16. Rfd1 Qc7 17. Rac1 Nc6 18. Qg4 Qf7 19. f4 O-O 20. g3 Qe7 21.
h4 Rf5 22. Kg2 Raf8 23. Rh1 Qg7 24. Qd1 Qe7 25. Qc2 Qg7 26. Nd1 h5 27. Ne3
1/2-1/2

[Event "First Saturday 2010 oktober FM-A"]
[Site "Budapest"]
[Date "2010.10.07"]
[Round "6"]
[White "Mayer, Istvan"]
[Black "Czibulka, Zoltan dr"]
[Result "0-1"]
[WhiteElo "2079"]
[BlackElo "2080"]
[PlyCount "60"]
[EventDate "2010.10.02"]

1. e4 e6 2. d4 d5 3. Nc3 Bb4 4. e5 c5 5. a3 Bxc3+ 6. bxc3 Qc7 7. Qg4 f5 8. Qh5+
g6 9. Qd1 cxd4 10. Nf3 dxc3 11. Bd3 Nc6 12. Qe2 Bd7 13. a4 Nb4 14. Ba3 Nxd3+
15. cxd3 Bxa4 16. Bd6 Qd7 17. Qe3 b5 18. O-O h6 19. Nd4 Ne7 20. Rfc1 Rc8 21.
Ra3 c2 22. Nxb5 Qxb5 23. Qxa7 Nc6 24. Qxa4 Qxa4 25. Rxa4 Rh7 26. Rxc2 Rb7 27.
Kf1 Rb1+ 28. Ke2 Nd4+ 29. Rxd4 Rxc2+ 30. Kf3 Rbb2 0-1